Anistia Internacional. Informe 2014/2015 : (Registro n. 8529)
[ somente texto ]
| 000 -LÍDER | |
|---|---|
| campo de controle de tamanho fixo | 02054nam a2200241 a 4500 |
| 001 - NÚMERO DE CONTROLE | |
| campo de controle | BS0003467 |
| 003 - IDENTIFICADOR DO NÚMERO DE CONTROLE | |
| campo de controle | BR-BrBNA |
| 005 - DATA E HORÁRIO DA ÚLTIMA TRANSAÇÃO | |
| campo de controle | 20230418192324.0 |
| 008 - CAMPO DE DADOS FIXOS--INFORMAÇÃO GERAL | |
| campo de controle de tamanho fixo | 230308b |||||||| |||| 00| 0 por d |
| 040 ## - FONTE DA CATALOGAÇÃO | |
| Instituição da catalogação original | BR-BrBNA |
| Idioma da catalogação | por |
| Instituição que transcreveu o registro | Biblioteca Nacional de Agricultura |
| 041 ## - CÓDIGO DE IDIOMA | |
| Código do idioma do texto/trilha sonora ou título diferente | por |
| 072 ## - CÓDIGO DE CATEGORIA DE ASSUNTO | |
| Código de Categoria de Assunto | D50 |
| 090 ## - NÚMERO DE CHAMADA LOCAL | |
| Número de chamada | D50 BS0003467 |
| 110 1# - ENTRADA PRINCIPAL--NOME CORPORATIVO | |
| Nome corporativo ou nome da jurisdição | Anistia Internacional |
| 245 1# - TÍTULO | |
| Título | Anistia Internacional. Informe 2014/2015 : |
| Restante do título | O estado dos direitos humanos no mundo / |
| 260 3# - PUBLICAÇÃO, DISTRIBUIÇÃO, ETC. | |
| Local de publicação, distribuição, etc. | Rio de Janeiro, RJ: |
| Data da publicação, distribuição, etc. | 2015. |
| 300 ## - DESCRIÇÃO FÍSICA | |
| Extensão | 198 p. |
| 520 3# - NOTA DE RESUMO, ETC | |
| Resumo, etc. | O Informe 2014/15 da Anistia Internacional documenta o estado dos direitos humanos em 160 países e territórios em 2014. Alguns eventos fundamentais de 2013 também são registrados. Para a edição brasileira, selecionamos 52 países que possuem maiores vínculos com o Brasil ou cuja situação de direitos humanos é mais urgente. Embora o ano de 2014 tenha sido marcado por conflitos violentos e pelo fracasso de muitos estados em proteger os direitos e a segurança da população civil, esse ano também se caracterizou por avanços significativos em termos de proteções e garantias de certos direitos humanos. Aniversários cruciais de eventos marcantes, como o vazamento de gases tóxicos em Bhopal em 1984 e o genocídio de Ruanda em 1994, assim como as reflexões sobre os 30 anos da adoção da Convenção da ONU contra a Tortura, lembram-nos de que, mesmo diante dos enormes progressos conquistados, muito ainda precisa ser feito para assegurar a justiça para vítimas e sobreviventes de graves abusos. Este relatório também presta homenagem àqueles que lutam para defender os direitos humanos em todos os cantos do planeta, geralmente em circunstâncias difíceis e perigosas. Destaca as principais preocupações da Anistia Internacional ao redor do mundo e é leitura essencial para ativistas, formuladores de políticas e qualquer pessoa interessada em direitos humanos. |
| 650 ## - ASSUNTO--TERMO TÓPICO | |
| Cabeçalho tópico ou nome geográfico | DIREITO |
| 9 (RLIN) | 3 |
| 650 ## - ASSUNTO--TERMO TÓPICO | |
| Cabeçalho tópico ou nome geográfico | DIREITOS HUMANOS |
| 909 ## - | |
| -- | 202304 |
| -- | Sergio Santos |
| -- | 56 |
| -- | Sergio Santos |
| 942 ## - ELEMENTOS DE ENTRADA ADICIONADOS (KOHA) | |
| Tipo de material Koha | Livros |
| Situação do descarte | Fonte da classificação ou esquema de arquivamento na estante | Situação física | Não pode ser emprestado | Coleção | Biblioteca de origem | Biblioteca atual | Total de empréstimos | Número de telefone completo | Código de barras | Data de último acesso | Número do exemplar | Tipo de material Koha | Situação das perdas | Data de aquisição | Fonte de aquisição | Qualificador de local codificado |
|---|---|---|---|---|---|---|---|---|---|---|---|---|---|---|---|---|
| Classificação AGRIS | Acervo Cultural | Biblioteca Nacional de Agricultura - Binagri | Biblioteca Nacional de Agricultura - Binagri | D50 BS0003467 | D50 BS0003467 | 12/04/2023 | 01 | Livros | 2023-04-04 | Doação | D50 |

BINAGRI